|
|
|
|
| LEADER |
00000nam a22000007a 4500 |
| 005 |
20201223111455.0 |
| 007 |
cr|||| ||| |
| 008 |
201223s2018 co |||||s|||| 00||0 spa d |
| 020 |
|
|
|a 978-958-781-242-8
|
| 035 |
|
|
|a 32402
|
| 040 |
|
|
|a vLex
|
| 090 |
|
|
|c 11013
|d 11013
|
| 100 |
1 |
|
|a Peųela Camacho, Sebastiǹ
|
| 245 |
1 |
0 |
|a Retos de la implementacin̤ de la justicia transicional en Colombia
|h [Recurso electrn̤ico] /
|c Sebastiǹ Peųela Camacho, Eduardo F. Gutiřrez Gonzl̀ez, Mara̕ Luca̕ Zapata Cancelado
|
| 256 |
|
|
|a Servicio en ln̕ea
|
| 260 |
|
|
|a Bogot:̀
|b Pontificia Universidad Javeriana,
|c 2018
|
| 300 |
|
|
|a 1 recurso electrn̤ico
|
| 500 |
|
|
|a Este libro surge como resultado del foro -Jurisdiccin̤ Especial para la Paz y Comisin̤ de la Verdad: Retos de la Justicia Transicional en Colombia-, que se desarroll ̤en las instalaciones de la Pontificia Universidad Javeriana en el mes de abril del aǫ 2018. En esta publicacin̤ se compilan las reflexiones y posiciones que los panelistas expusieron durante el foro, donde, adems̀ de identificar los principales desafo̕s que tendr ̀la aplicacin̤ de la justicia transicional en Colombia, se plantean las posibles herramientas y metodologa̕s que deberǹ ser empleadas para afrontar dichos retos.
|
| 506 |
1 |
|
|a Disponible solo en los productos indicados
|d vLex Global
|d vLex Global (Academic Edition, excluding Law Schools)
|d vLex Global (U.S. Academic Edition, Law Schools)
|d vLex Global (U.S. Academic Edition, excluding Law Schools)
|d vLex Global (Academic Edition, Law Schools)
|
| 650 |
0 |
4 |
|a Ciencias sociales
|z Colombia
|
| 650 |
0 |
4 |
|a Ciencia polt̕ica
|z Colombia
|
| 650 |
0 |
4 |
|a Humanidades
|z Colombia
|
| 700 |
1 |
|
|a Gutiřrez Gonzl̀ez, Eduardo F.
|
| 700 |
1 |
|
|a Zapata Cancelado, Mara̕ Luca̕
|
| 740 |
0 |
|
|a vLex Libros (Servicio en ln̕ea)
|
| 856 |
4 |
0 |
|u http://vlex.com/source/retos-de-la-implementacion-de-la-justicia-transicional-en-colombia-32402
|z Acceso restringido
|
| 942 |
|
|
|c BOOK
|
| 999 |
0 |
|
|a Social Sciences
|
| 999 |
0 |
|
|a Political science
|
| 999 |
0 |
|
|a Humanities
|